<?xml version="1.0" encoding="UTF-8"?>
<record
    xmlns:xsi="http://www.w3.org/2001/XMLSchema-instance"
    xsi:schemaLocation="http://www.loc.gov/MARC21/slim http://www.loc.gov/standards/marcxml/schema/MARC21slim.xsd"
    xmlns="http://www.loc.gov/MARC21/slim">

  <leader>01271nam a2200253Ia 4500</leader>
  <datafield tag="952" ind1=" " ind2=" ">
    <subfield code="0">0</subfield>
    <subfield code="1">0</subfield>
    <subfield code="4">0</subfield>
    <subfield code="7">0</subfield>
    <subfield code="a">07</subfield>
    <subfield code="b">07</subfield>
    <subfield code="d">2011-08-02</subfield>
    <subfield code="l">1</subfield>
    <subfield code="o">N7433 D64 2010</subfield>
    <subfield code="p">07 001996</subfield>
    <subfield code="r">2025-01-21</subfield>
    <subfield code="s">2019-10-02</subfield>
    <subfield code="t">1</subfield>
    <subfield code="w">2012-06-26</subfield>
    <subfield code="y">LB</subfield>
  </datafield>
  <datafield tag="952" ind1=" " ind2=" ">
    <subfield code="0">0</subfield>
    <subfield code="1">0</subfield>
    <subfield code="4">0</subfield>
    <subfield code="7">0</subfield>
    <subfield code="a">11</subfield>
    <subfield code="b">11</subfield>
    <subfield code="d">2008-02-14</subfield>
    <subfield code="l">36</subfield>
    <subfield code="o">N7433 D64</subfield>
    <subfield code="p">11 006909</subfield>
    <subfield code="r">2024-04-09</subfield>
    <subfield code="s">2023-10-20</subfield>
    <subfield code="t">6</subfield>
    <subfield code="w">2012-06-26</subfield>
    <subfield code="y">LB</subfield>
  </datafield>
  <datafield tag="952" ind1=" " ind2=" ">
    <subfield code="0">0</subfield>
    <subfield code="1">0</subfield>
    <subfield code="4">0</subfield>
    <subfield code="7">0</subfield>
    <subfield code="a">11</subfield>
    <subfield code="b">11</subfield>
    <subfield code="d">2008-08-22</subfield>
    <subfield code="l">42</subfield>
    <subfield code="o">N7433 D64</subfield>
    <subfield code="p">11 007318</subfield>
    <subfield code="r">2018-01-08</subfield>
    <subfield code="s">2018-01-08</subfield>
    <subfield code="t">7</subfield>
    <subfield code="w">2012-06-26</subfield>
    <subfield code="y">LB</subfield>
  </datafield>
  <datafield tag="952" ind1=" " ind2=" ">
    <subfield code="0">0</subfield>
    <subfield code="1">0</subfield>
    <subfield code="2">lcc</subfield>
    <subfield code="4">0</subfield>
    <subfield code="7">0</subfield>
    <subfield code="a">07</subfield>
    <subfield code="b">07</subfield>
    <subfield code="d">2012-11-16</subfield>
    <subfield code="l">7</subfield>
    <subfield code="m">1</subfield>
    <subfield code="o">N7433 D64 2011</subfield>
    <subfield code="p">07 003621</subfield>
    <subfield code="r">2024-10-17</subfield>
    <subfield code="s">2019-10-19</subfield>
    <subfield code="t">1</subfield>
    <subfield code="w">2012-11-16</subfield>
    <subfield code="y">LB</subfield>
  </datafield>
  <datafield tag="952" ind1=" " ind2=" ">
    <subfield code="0">0</subfield>
    <subfield code="1">0</subfield>
    <subfield code="4">0</subfield>
    <subfield code="7">0</subfield>
    <subfield code="a">11</subfield>
    <subfield code="b">11</subfield>
    <subfield code="d">2013-02-01</subfield>
    <subfield code="l">6</subfield>
    <subfield code="o">N7433 D64</subfield>
    <subfield code="p">11 009979</subfield>
    <subfield code="r">2014-03-04</subfield>
    <subfield code="s">2014-03-04</subfield>
    <subfield code="t">8</subfield>
    <subfield code="w">2013-02-01</subfield>
    <subfield code="y">LB</subfield>
  </datafield>
  <datafield tag="952" ind1=" " ind2=" ">
    <subfield code="0">0</subfield>
    <subfield code="1">0</subfield>
    <subfield code="4">0</subfield>
    <subfield code="7">0</subfield>
    <subfield code="a">11</subfield>
    <subfield code="b">11</subfield>
    <subfield code="d">2015-04-15</subfield>
    <subfield code="l">26</subfield>
    <subfield code="o">N7433 D64</subfield>
    <subfield code="p">11 011587</subfield>
    <subfield code="r">2025-04-22</subfield>
    <subfield code="s">2025-04-22</subfield>
    <subfield code="t">5</subfield>
    <subfield code="w">2015-04-15</subfield>
    <subfield code="y">LB</subfield>
  </datafield>
  <datafield tag="952" ind1=" " ind2=" ">
    <subfield code="0">0</subfield>
    <subfield code="1">0</subfield>
    <subfield code="4">0</subfield>
    <subfield code="7">0</subfield>
    <subfield code="a">11</subfield>
    <subfield code="b">11</subfield>
    <subfield code="d">2016-05-17</subfield>
    <subfield code="l">7</subfield>
    <subfield code="o">N7433 D64 </subfield>
    <subfield code="p">11 000416</subfield>
    <subfield code="r">2019-09-09</subfield>
    <subfield code="s">2019-09-09</subfield>
    <subfield code="t">1</subfield>
    <subfield code="w">2016-05-17</subfield>
    <subfield code="y">LB</subfield>
  </datafield>
  <datafield tag="952" ind1=" " ind2=" ">
    <subfield code="0">0</subfield>
    <subfield code="1">0</subfield>
    <subfield code="4">0</subfield>
    <subfield code="7">0</subfield>
    <subfield code="a">11</subfield>
    <subfield code="b">11</subfield>
    <subfield code="d">2016-05-17</subfield>
    <subfield code="l">4</subfield>
    <subfield code="o">N7433 D64</subfield>
    <subfield code="p">11 000417</subfield>
    <subfield code="r">2019-09-05</subfield>
    <subfield code="s">2019-09-05</subfield>
    <subfield code="t">2</subfield>
    <subfield code="w">2016-05-17</subfield>
    <subfield code="y">LB</subfield>
  </datafield>
  <datafield tag="952" ind1=" " ind2=" ">
    <subfield code="0">0</subfield>
    <subfield code="1">0</subfield>
    <subfield code="4">0</subfield>
    <subfield code="7">0</subfield>
    <subfield code="a">11</subfield>
    <subfield code="b">11</subfield>
    <subfield code="d">2016-05-17</subfield>
    <subfield code="l">4</subfield>
    <subfield code="o">N7433 D64</subfield>
    <subfield code="p">11 003024</subfield>
    <subfield code="r">2019-08-28</subfield>
    <subfield code="s">2019-08-28</subfield>
    <subfield code="t">3</subfield>
    <subfield code="w">2016-05-17</subfield>
    <subfield code="y">LB</subfield>
  </datafield>
  <datafield tag="952" ind1=" " ind2=" ">
    <subfield code="0">0</subfield>
    <subfield code="1">0</subfield>
    <subfield code="4">0</subfield>
    <subfield code="7">0</subfield>
    <subfield code="a">11</subfield>
    <subfield code="b">11</subfield>
    <subfield code="d">2016-05-17</subfield>
    <subfield code="l">4</subfield>
    <subfield code="o">N7433 D64</subfield>
    <subfield code="p">11 006882</subfield>
    <subfield code="r">2019-08-19</subfield>
    <subfield code="s">2019-08-19</subfield>
    <subfield code="t">4</subfield>
    <subfield code="w">2016-05-17</subfield>
    <subfield code="y">LB</subfield>
  </datafield>
  <datafield tag="952" ind1=" " ind2=" ">
    <subfield code="0">0</subfield>
    <subfield code="1">0</subfield>
    <subfield code="2">lcc</subfield>
    <subfield code="4">0</subfield>
    <subfield code="7">0</subfield>
    <subfield code="a">20</subfield>
    <subfield code="b">20</subfield>
    <subfield code="d">2018-06-01</subfield>
    <subfield code="l">0</subfield>
    <subfield code="o">N7433 D65</subfield>
    <subfield code="p">20 001302</subfield>
    <subfield code="r">2018-06-01</subfield>
    <subfield code="t">1</subfield>
    <subfield code="w">2018-06-01</subfield>
    <subfield code="y">LB</subfield>
  </datafield>
  <datafield tag="999" ind1=" " ind2=" ">
    <subfield code="c">66651</subfield>
    <subfield code="d">66651</subfield>
  </datafield>
  <controlfield tag="008">120626s9999    xx            000 0 und d</controlfield>
  <datafield tag="020" ind1=" " ind2=" ">
    <subfield code="a">9788425206092</subfield>
  </datafield>
  <datafield tag="050" ind1="0" ind2="4">
    <subfield code="a">N7433</subfield>
    <subfield code="b">D65</subfield>
  </datafield>
  <datafield tag="100" ind1=" " ind2=" ">
    <subfield code="a">Dondis, Doris A.,</subfield>
    <subfield code="e">autor</subfield>
  </datafield>
  <datafield tag="245" ind1="1" ind2="0">
    <subfield code="a">La sintaxis de la im&#xE1;gen</subfield>
    <subfield code="c"> / Doris A. Dondis</subfield>
    <subfield code="b"> : introducci&#xF3;n al alfabeto visual</subfield>
  </datafield>
  <datafield tag="260" ind1=" " ind2=" ">
    <subfield code="a">Barcelona</subfield>
    <subfield code="b"> : Gustavo Gili</subfield>
    <subfield code="c"> , 2007</subfield>
  </datafield>
  <datafield tag="300" ind1=" " ind2=" ">
    <subfield code="a">211 paginas</subfield>
  </datafield>
  <datafield tag="500" ind1=" " ind2=" ">
    <subfield code="a">reimpresiones 2007, 2011</subfield>
  </datafield>
  <datafield tag="500" ind1=" " ind2=" ">
    <subfield code="a">Incluye:
Pr&#xF3;logo
&#xCD;ndice de contenido
Fuentes de las ilustraciones
Dedicatoria
Introducci&#xF3;n
Ejercicios al final de cada cap&#xED;tulo</subfield>
  </datafield>
  <datafield tag="504" ind1=" " ind2=" ">
    <subfield code="a">Bibliograf&#xED;a (pp. 209-210)</subfield>
  </datafield>
  <datafield tag="505" ind1=" " ind2=" ">
    <subfield code="a">Car&#xE1;cter y contenido de la alfabetidad visual
Composici&#xF3;n: los fundamentos sint&#xE1;cticos de la alfabetidad visual
Elementos b&#xE1;sicos de la comunicaci&#xF3;n visual
La antom&#xED;a del mensaje visual
Den&#xE1;mica del contraste
T&#xE9;cnicas visuales: estrategias de comunicaci&#xF3;n
S&#xED;ntesis del estilo visual
Las rates visuales: funci&#xF3;n y mensaje
Alfabetidad visual: c&#xF3;mo y por qu&#xE9;</subfield>
  </datafield>
  <datafield tag="519" ind1=" " ind2=" ">
    <subfield code="a">Material Complementario / </subfield>
    <subfield code="d">(20 001302)</subfield>
  </datafield>
  <datafield tag="650" ind1="1" ind2="7">
    <subfield code="a">ARTE-T&#xC9;CNICA </subfield>
  </datafield>
  <datafield tag="650" ind1="1" ind2="7">
    <subfield code="a">COMPOSICI&#xD3;N (ARTE)</subfield>
  </datafield>
  <datafield tag="650" ind1="1" ind2="7">
    <subfield code="a">PERCEPCI&#xD3;N VISUAL</subfield>
  </datafield>
  <datafield tag="650" ind1=" " ind2="0">
    <subfield code="a">COMUNICACI&#xD3;N VISUAL</subfield>
  </datafield>
  <datafield tag="700" ind1=" " ind2=" ">
    <subfield code="a">Beramendi, Justo G., </subfield>
    <subfield code="e">traductor</subfield>
  </datafield>
  <datafield tag="942" ind1=" " ind2=" ">
    <subfield code="c">LB</subfield>
    <subfield code="2">lcc</subfield>
  </datafield>
</record>
